Model transformacji demograficznej - teoretyczne uogólnenia oraz praktyczne implikacje

Salvato in:
Dettagli Bibliografici
Autore principale: Rószkiewicz, Malgorzata
Natura: Libro
Lingua:polacco
Pubblicazione: Warszawa Szkola glówna Planowania i Statystyki 1987
Edizione:1. wyd.
Tags: Aggiungi Tag
Nessun Tag, puoi essere il primo ad aggiungerne!!

MARC

LEADER 00000nam a2200000 4500
001 c037268
005 20221219123439.5
041 0 |a pol 
044 |a PL 
245 1 0 |a Model transformacji demograficznej - teoretyczne uogólnenia oraz praktyczne implikacje  |c Malgorzata Rószkiewicz 
250 |a 1. wyd. 
264 1 |a Warszawa  |b Szkola glówna Planowania i Statystyki  |c 1987 
300 |a 129 s. 
100 1 |a Rószkiewicz, Malgorzata